| 000 | 00590nam a2200193 4500 | ||
|---|---|---|---|
| 003 | LK-CoMWRAF | ||
| 005 | 20231201114801.0 | ||
| 008 | 230902b1998 |||||||| |||| 00| 0 eng d | ||
| 020 | _a955912708X | ||
| 040 |
_aLK-CoMWRAF _dLK-CoMWRAF _eLK-CoMWRAF |
||
| 041 | _asin | ||
| 082 |
_a891.483 _bDAY |
||
| 100 | _aඩයස්, සිඩ්නි මාකස් | ||
| 245 | _aපොඩියා සහ යහළුවෝ | ||
| 246 | _aPodiya saha yahaluwoo | ||
| 260 |
_aආණමඩුව : _bසුවඳ ප්රකාශන, _c1998 |
||
| 650 | _aළමා කථා | ||
| 942 | _cBK | ||
| 999 |
_c3361 _d3361 |
||